|
|
|
|
| LEADER |
00000cam a2200000 a 4500 |
| 001 |
vtls001466507 |
| 003 |
SK-MaSNL |
| 005 |
20260425222500.0 |
| 008 |
240226s2003 xo grfn 000 0 slo |
| 015 |
|
|
|a SNBA2004/04-01498
|
| 020 |
|
|
|a 8096902539
|
| 035 |
|
|
|a SNK000421812
|
| 035 |
|
|
|a urn:nbn:sk:snk-am3ixc6
|
| 035 |
|
|
|a 94D38E1A-5586-49AD-B32F-8C25964761E3
|
| 035 |
|
|
|a urn:nbn:sk:snk-am00g3x0
|
| 040 |
|
|
|a SNK
|b slo
|c SNK
|e AACR2
|
| 041 |
0 |
|
|a slo
|
| 043 |
|
|
|a e------
|a e-xo---
|
| 044 |
|
|
|a xo
|c SK
|
| 072 |
|
7 |
|a 336.7
|x Financie
|2 konspekt
|
| 080 |
|
|
|a 336.71(437.6+4)
|2 1997
|
| 080 |
|
|
|a 336.71
|2 2011
|
| 080 |
|
|
|a 336.717
|2 2011
|
| 080 |
|
|
|a (437.6)
|2 2011
|
| 080 |
|
|
|a (4)
|2 2011
|
| 080 |
|
|
|a (035)
|2 2011
|
| 080 |
|
|
|a 339.727.2
|2 2011
|
| 100 |
1 |
|
|a Sipko, Stanislav
|4 aut
|9 302651
|
| 245 |
1 |
0 |
|a Slobodné poskytovanie služieb, voľný pohyb kapitálu
|c Stanislav Sipko ; predslov: Pál Csáky, Peter Mihók
|
| 250 |
|
|
|a [1. vyd.]
|
| 260 |
|
|
|a Bratislava
|b Grafis
|c 2003
|
| 300 |
|
|
|a 36 strán
|c 21 cm
|
| 500 |
|
|
|a Vydané pre Úrad vlády Slovenskej republiky a Slovenskú ústrednú a priemyselnú komoru
|
| 504 |
|
|
|a Bibliografia na strane 35
|
| 610 |
2 |
7 |
|a Európska únia
|2 SNKKA
|9 29861
|
| 650 |
0 |
7 |
|a bankovníctvo
|2 SNKPH
|9 2101
|
| 650 |
0 |
7 |
|a finančné služby
|2 SNKPH
|9 68343
|
| 650 |
0 |
7 |
|a pohyb kapitálu
|2 SNKPH
|9 82389
|
| 651 |
|
7 |
|a Slovensko
|2 SNKPHgeo
|9 14231
|
| 655 |
|
7 |
|a príručky
|2 SNKPH
|9 74364
|
| 700 |
1 |
|
|a Csáky, Pál,
|d 1956-
|4 aui
|9 89590
|
| 700 |
1 |
|
|a Mihók, Peter,
|d 1948-
|4 aui
|9 114931
|
| 710 |
1 |
|
|a Slovensko.
|b Úrad vlády
|4 pbl
|9 125325
|
| 710 |
2 |
|
|a Slovenská obchodná a priemyselná komora
|4 pbl
|9 17746
|
| 919 |
|
|
|a 80-969025-3-9
|
| 958 |
|
|
|a NB
|
| 958 |
|
|
|a OND
|
| 999 |
|
|
|c 558531
|d 560461
|
| 952 |
|
|
|t P60, <03>, [BOOK], {603}
|a SNK
|b SNK
|y PREZ
|7 0
|p 17A0411544
|o snkSC 114341
|i snkKSP 924/2004
|0 0
|1 0
|4 0
|d 2004-01-21
|f 1
|l 0
|r 2025-10-03 00:00:00
|w 2026-02-23
|
| 952 |
|
|
|t P60, <04>, [BOOK], {604}
|a SNK
|b SNK
|y VYP
|7 0
|p 17A0411545
|o snkSC 114341 D1
|i snkKSP 926/2004
|0 0
|1 0
|4 0
|d 2004-01-21
|l 0
|r 2005-01-02 00:00:00
|w 2026-02-23
|
| 952 |
|
|
|t snkSLO/3 061 EU
|a SNKUST
|b SNKUST
|y PREZ
|7 0
|p 17A0420263
|o snkSC 114341 D2
|i snkKSP 3992/2004
|0 0
|1 0
|4 0
|d 2004-03-16
|l 0
|r 2025-03-21 00:00:00
|w 2026-02-23
|